| 000 | 00491nam a2200181 a 4500 | ||
|---|---|---|---|
| 001 | 17128 | ||
| 005 | 20180713210229.0 | ||
| 008 | 140415s1995 000 0 spa d | ||
| 020 | _a968680207X | ||
| 041 | _aspa | ||
| 082 |
_a378.15538 _bSAN |
||
| 100 | 1 | _aSANTAMARIA AMBRIZ, ROCIO | |
| 245 | 1 | 4 | _aLOS DESAFIOS DEL POSTGRADO EN AMERICA LATINA |
| 260 |
_a[s.l.] : _bUDUAL, _c1995 |
||
| 300 | _a108 | ||
| 490 |
_aUDUAL _v6 |
||
| 650 | 1 | 4 |
_aTITULOS ACADEMICOS _xAMERICA LATINA |
| 999 |
_c17128 _d17128 |
||